| 000 | 00450nam a2200181Ia 4500 | ||
|---|---|---|---|
| 005 | 20260429111847.0 | ||
| 008 | 260429s9999||||xx |||||||||||||| ||und|| | ||
| 020 | _a9788119662661 | ||
| 041 | _aEnglish | ||
| 082 |
_a001.424 _bSIN |
||
| 100 | _aSingh, J.P. | ||
| 245 | 0 |
_aOperations research / _cJ.P. Singh |
|
| 250 | _a1st ed. | ||
| 260 |
_aNew Delhi : _bAne Books, _c2025. |
||
| 300 | _apv. ; hb | ||
| 650 | _aOperation research | ||
| 942 | _cTB | ||
| 999 |
_c51174 _d51174 |
||